The Cambridge Companion to Postmodernism (Record no. 617724)

MARC details
000 -LEADER
fixed length control field 00979nam a22001937a 4500
008 - FIXED-LENGTH DATA ELEMENTS--GENERAL INFORMATION
fixed length control field 260314b |||||||| |||| 00| 0 eng d
020 ## - INTERNATIONAL STANDARD BOOK NUMBER
ISBN 9780521640527
Paper back/Hardbound hbk
041 ## - LANGUAGE CODE
Language code of text/sound track or separate title eng
082 ## - DEWEY DECIMAL CLASSIFICATION NUMBER
Classification number 149.97
Item number CON
100 ## - MAIN ENTRY--AUTHOR NAME
Personal name Connor Steven
245 ## - TITLE STATEMENT
Title The Cambridge Companion to Postmodernism
Statement of responsibility, etc /Steven Connor
260 ## - PUBLICATION, DISTRIBUTION, ETC. (IMPRINT)
Name of publisher Cambridge Univ Pr
Year of publication 2004.
300 ## - PHYSICAL DESCRIPTION
Number of Pages 237P,;
Dimensions 20 cm.
504 ## - BIBLIOGRAPHY, ETC. NOTE
Bibliography, etc Includes index
520 ## - SUMMARY, ETC.
Summary, etc Offering a comprehensive introduction to postmodernism, this Companion features examinations of the different aspects of postmodernist thought and culture that have had a significant effect on contemporary critical thought. Topics discussed by experts in the field include postmodernism's relation to modernity, and its significance and relevance to literature, film, law, philosophy, and modern cultural studies. Additional material includes a guide to further reading and a chronology.
650 ## - SUBJECT ADDED ENTRY--TOPICAL TERM
Topical Term Anthropology
942 ## - ADDED ENTRY ELEMENTS (KOHA)
Koha item type English Books
Holdings
Withdrawn status Lost status Damaged status Not for loan Home library Current library Shelving location Date acquired Full call number Accession Number Price effective from Koha item type
        Anna Centenary Library Anna Centenary Library 3RD FLOOR, A WING 14.03.2026 149.97 CON 196819 14.03.2026 English Books

Find us on the map